| 000 | 00718nam a22001937i 4500 | ||
|---|---|---|---|
| 999 |
_c23342 _d23342 |
||
| 003 | AR-CdUCM | ||
| 008 | 250725b20182018 pe||||| |||| 00| 0 spa d | ||
| 040 |
_aMUNICIPALIDAD PROVINCIAL DEL CUSCO _cBIBLIOTECA MUNICIPAL DEL CUSCO |
||
| 041 | _hspa | ||
| 082 |
_a985.613 / C513 _bC513 |
||
| 100 |
_aChacón Chacón, Víctor _931560 |
||
| 245 | _aCrónicas de Calca II / | ||
| 260 |
_aCusco : _bAutor Editor _c2018 |
||
| 300 |
_a94 páginas. : _c21x15 cm. |
||
| 500 | _zpágina 97 | ||
| 505 | _aLa justicia en Calca -- El poder de la justicia -- La plaza Sondor de calca -- El paisaje de calca ingresa a una etapa de modificación -- Clorinda Matto de turner -- | ||
| 942 |
_2ddc _cLIBROS |
||
| 945 |
_apbjr _d25-07-2025 |
||